000 00871nam a2200289I 4500
001 5743
003 BD-RjUL
005 20211208234123.0
008 140107s1962 nyua 001 0 eng
035 _aMITb10504588
035 _a(BD-RjUL)5782
035 _aGLIS00504588
040 _aDLC
_cEYR
_dm/c
_dRCD
_dBD-RjUL
_beng
041 _aeng
082 0 4 _216
_a352.054
_bREV 1962
090 _aJS7008
_b.R441
100 1 _aRetzlaff, Ralph H.
_q(Ralph Herbert),
_d1929-
_918021
245 1 0 _aVillage government in India :
_ba case study /
_cby Ralph H. Retzlaff.
260 _aNew York,
_bAsia Pub. House
_cc1962
300 _a140 p. :
_billus. ;
_c23 cm.
504 _aIncludes index.
650 0 _aLocal government
_zIndia
_vCase studies.
_918022
650 0 _aVillages
_zIndia
_vCase studies.
_918023
942 _2ddc
_cBK
999 _c5743
_d5743